LIBRARY & INFORMATION CENTRE, KCAET, TAVANUR

ONLINE PUBLIC ACCESS CATALOGUE (OPAC)

How to Solve it by Computer (Record no. 19404)

MARC details
000 -LEADER
fixed length control field 00416nam a22001697a 4500
003 - CONTROL NUMBER IDENTIFIER
control field OSt
008 - FIXED-LENGTH DATA ELEMENTS--GENERAL INFORMATION
fixed length control field 250218b |||||||| |||| 00| 0 eng d
020 ## - INTERNATIONAL STANDARD BOOK NUMBER
ISBN 81-203-0388-1
041 ## - LANGUAGE CODE
Language code of text/sound track or separate title eng
082 ## - DEWEY DECIMAL CLASSIFICATION NUMBER
Classification number 005.1
Item number DRO/HO
100 ## - MAIN ENTRY--AUTHOR NAME
Personal name Dromy, RG
245 ## - TITLE STATEMENT
Title How to Solve it by Computer
250 ## - EDITION STATEMENT
Edition statement 12th Indian Reprint
260 ## - PUBLICATION, DISTRIBUTION, ETC. (IMPRINT)
Place of publication New Delhi:
Name of publisher Prentice Hall of India,
Year of publication 1998.
300 ## - PHYSICAL DESCRIPTION
Number of Pages 442p.
942 ## - ADDED ENTRY ELEMENTS (KOHA)
Koha item type Books
Holdings
Withdrawn status Lost status Damaged status Home library Current library Date acquired Source of acquisition Cost, normal purchase price Full call number Accession Number Koha item type
      KAUAET KAUAET 18/02/2025 Current Books, Thrissur 95.00 005.1 DRO/HO 20076 Books
free website counter